UM Logo

Marketing strategies and the level of sales performance of pottery business in Matti Digos City/ (Record no. 2081)

MARC details
000 -LEADER
fixed length control field 00631nam a22001577a 4500
008 - FIXED-LENGTH DATA ELEMENTS--GENERAL INFORMATION
fixed length control field 160428b xxu||||| |||| 00| 0 eng d
082 ## - DEWEY DECIMAL CLASSIFICATION NUMBER
Edition number 2013
Classification number UT 0450
Item number C11
100 ## - MAIN ENTRY--PERSONAL NAME
9 (RLIN) 6725
Personal name CarboƱero, Luna Luz B.
245 ## - TITLE STATEMENT
Title Marketing strategies and the level of sales performance of pottery business in Matti Digos City/
Statement of responsibility, etc. Luna Luz B. CabaƱero, Roldan F. Sedon and Felyn M. Ligan.
260 ## - PUBLICATION, DISTRIBUTION, ETC. (IMPRINT)
Place of publication, distribution, etc. Digos City:
Name of publisher, distributor, etc. UMDC
Date of publication, distribution, etc. May 2013.
300 ## - PHYSICAL DESCRIPTION
Extent 68 pages;
Dimensions 30 cm.
650 #0 - SUBJECT ADDED ENTRY--TOPICAL TERM
9 (RLIN) 6724
Topical term or geographic name as entry element Business Administration
Form subdivision Financial Management
General subdivision Undergraduate thesis.
700 ## - ADDED ENTRY--PERSONAL NAME
9 (RLIN) 6722
Personal name Sedon, Roldan F.
700 ## - ADDED ENTRY--PERSONAL NAME
9 (RLIN) 6723
Personal name Ligan, Felyn M.
942 ## - ADDED ENTRY ELEMENTS (KOHA)
Source of classification or shelving scheme Dewey Decimal Classification
Koha item type Undergraduate Thesis
Holdings
Withdrawn status Lost status Source of classification or shelving scheme Damaged status Not for loan Collection code Home library Current library Date acquired Total Checkouts Full call number Barcode Date last seen Price effective from Koha item type
    Dewey Decimal Classification     Undergraduate Theses UM Digos College - LIC UM Digos College - LIC 04/28/2016   UT 0450 C11 2013 UT0450 04/28/2016 04/28/2016 Undergraduate Thesis